00696nam a2200229 a 4500001001300000003000900013005001700022008004100039020001000080082001400090100002200104245003000126260006200156300000900218500003500227650002300262700002200285902000800307942000700315952012700322999001700449nice12345678IN_TiNIC20260116014313.0070403s0000 easa grp 000 0 eng  ac20000a297bISL2 aIslamic Society,  aBasic Principles of Islam aEast Plainfield bIslamic Society of North America c0000 a237p aincludes index and biblioraphy aIslam-Meccan Trade1 aIslamic Society,  bSRS cBK 001040708StackRoom-aHMIbHMId2012-07-09g200.00l2o297 ISL2p021762r2019-12-11s2019-12-03v200.00w2007-04-03yBK c14726d14726